| 000 | 00476nam a2200181Ia 4500 | ||
|---|---|---|---|
| 005 | 20240823005758.0 | ||
| 008 | 240823s9999||||xx |||||||||||||| ||und|| | ||
| 041 | _aENGLISH | ||
| 082 | _A624 N0 | ||
| 100 | _aBureau of Indian Standards | ||
| 245 | 0 | _aAmendment No 3 to National Building Code of INDIA 1983 | |
| 250 | _a1st | ||
| 260 |
_c1990 _b"Bureau of Indian Standards,New Delhi" |
||
| 500 | _aYES | ||
| 650 |
_aBuilding _bMechanical |
||
| 942 | _cBK | ||
| 999 |
_c156699 _d156699 |
||